| 000 | 00529cam a2200157 a 4500 | ||
|---|---|---|---|
| 082 | 0 | 0 |
_a942.06 _bBUC |
| 100 | 1 |
_aBuchan, John, _911826 |
|
| 245 | 1 | 0 |
_aOliver Cromwell / _cby John Buchan. |
| 260 |
_aLondon : _bHodder and Stoughton, _c1934. |
||
| 300 |
_a554 p., [11] leaves of plates : _b1 port., col. plans ; _c23 cm. |
||
| 526 |
_a0 _b0 _c0 _d942_060000000000000_BUC |
||
| 650 | 0 |
_aGenerals _zGreat Britain _xBiography. _949956 |
|
| 650 | 0 |
_aHeads of state _zGreat Britain _xBiography. _949957 |
|
| 650 | 0 |
_aMCE _9379 |
|
| 942 |
_2ddc _cBK |
||
| 999 |
_c552700 _d552700 |
||